| Поле | Инд. | ПП | Название | Значение |
|---|---|---|---|---|
| Тип записи | a | |||
| Библиографический уровень | m | |||
| 001 | Контрольный номер | RU\SPSTU\books\20061688 | ||
| 005 | Дата корректировки | 20141114163427.9 | ||
| 008 | Кодируемые данные | 091214s2009 RU a f j 001 1 rus u | ||
| 020 | a | ISBN | 978-5-8114-0929-7 (т. 2) | |
| 020 | a | ISBN | 978-5-8114-0927-3 (общ.) | |
| 040 | c | Служба, преобразующая запись | 19013582 | |
| d | Организация, изменившая запись | НБ ТвГУ | ||
| 041 | a | Код языка текста | rus | |
| 044 | a | Код страны публикации | RU | |
| 080 | a | Индекс УДК | 517.54(075.8) | |
| 084 | a | Индекс другой классификации/Индекс ББК | В161.55я73-1 | |
| 090 | a | Полочн. индекс | В161.5 | |
| x | Авторский знак | М 27 | ||
| 100 | a | Автор | Маркушевич Алексей Иванович | |
| q | Полное имя | Маркушевич А. И. | ||
| 245 | a | Заглавие | Теория аналитических функций | |
| b | Продолж. заглавия | учебник | ||
| n | Номер части/ раздела | Т. 2 | ||
| p | Название части/ раздела | Дальнейшее построение теории | ||
| 250 | a | Основные сведения об издании | Изд. 3-е, стер. | |
| 260 | a | Место издания | Санкт-Петербург [и др.] | |
| b | Издательство | Лань | ||
| c | Дата издания | 2009 | ||
| 300 | a | Объем | 624 с. | |
| b | Иллюстрации/ тип воспроизводства | ил. | ||
| c | Размеры | 21 см | ||
| 440 | 2 | 0 | ||
| a | Серия | Учебники для вузов | ||
| 440 | _0 | 2 | 0 | |
| a | Серия | Специальная литература | ||
| 440 | _0 | 2 | 0 | |
| a | Серия | Классическая учебная литература по математике | ||
| 440 | _0 | 2 | 0 | |
| a | Серия | Лучшие классические учебники | ||
| 440 | _0 | 2 | 0 | |
| a | Серия | Знание. Уверенность. Успех! | ||
| 504 | a | Библиография | Библиогр.: с. 618-620 | |
| 504 | a | Библиография | Предм. указ.: с. 621-624 | |
| 520 | a | Аннотация | Книга — весьма обстоятельное руководство по теории аналитических функций одного комплексного переменного, она написана на основе лекций, которые автор в течение ряда лет читал студентам механико-математического факультета МГУ. Материал учебника доступен для читателя, владеющего математикой в объеме первых двух курсов физико-математического факультета университета или педагогического института.Во втором томе изложены следующие вопросы: конформные отображения, приближение функций многочленами, гармонические и субгармонические функции, гидромеханический смысл аналитических функ-ций, функции ограниченного вида, целые и мероморфные функции, понятие римановой поверхности, аналитическое продолжение. Учебник предназначен для студентов математических и физических специальностей вузов. | |
| 653 | a | Ключевые слова | Аналитические функции | |
| a | Ключевые слова | Математика | ||
| a | Ключевые слова | Математический анализ | ||
| a | Ключевые слова | Теория аналитических функций | ||
| a | Ключевые слова | Теория функций | ||
| a | Ключевые слова | Учебники для вузов | ||
| a | Ключевые слова | Функции (мат.) | ||
| 920 | a | Оператор | Стру | |
| 930 | a | Новая/Ретро | учебники | |
| 952 | c | Вид литературы | К ру | |
| 954 | a | Дата поступления на обработку | 20101005 |